000 00635nam a2200181Ia 4500
003 GCL
008 140319s9999 xx 000 0 ara d
040 _aGCL /
_cGCL
082 0 4 _a813.01
_bا ا
100 1 _aابراهيم المصرى
245 1 0 _aالانثى الخالدة : مجموعة من القصص التحليلى /
_cابراهيم المصرى
300 _a156 ص
490 _aمجموعة مؤلفات ابراهيم المصرى
_v0
650 0 4 _aالقصص العربية
650 0 4 _aالقصص العربية القصيرة
650 0 4 _aالادب العربى - العصر الحديث
942 _2ddc
_cBK
999 _c45511
_d45511